000 02901cam a22004814i 4500
003 PE-LiUPU
005 20250731172904.0
008 170120s2006 xxua rb 001 0 eng d
020 _a0310248612
020 _a9780310248613
035 _a(Sirsi) a166314
040 _aPE-LiUPU
_bspa
_cPE-LiUPU
_erda
049 _aPRUA
082 0 4 _a222.1061
_bS29
_222
100 1 _aSchnittjer, Gary Edward.,
_eautor.
245 1 4 _aThe Torah story :
_ban apprenticeship on the Pentateuch /
_cGary Edward Schnittjer.
264 1 _aGrand Rapids, Mich. :
_bZondervan,
_c2006.
300 _a589 páginas ;
_bilustraciones ;
_c24 centimetros
336 _atext
_2rdacontent
337 _aunmediated
_2rdamedia
338 _avolume
_2rdacarrier
504 _aBibliografía:páginas 553-561.
504 _aÍndices: páginas 563-589.
505 0 _aAn apprenticeship on the Torah -- Introducing the Torah -- Genesis : in the beginning -- Macroview of Genesis -- The beginning (1:1-2:4) -- The garden and the exile (2:5-4:26) -- The flood and the nations (5:11) -- The Abraham narratives (12:1-25:18) -- The Jacob narratives (25:19-36:43) -- The sons of Jacob narratives (37:1-47:26) -- The last days (47:27-50:26) -- Exodus : these are the names -- Macroview of Exodus -- The river and the bush (1:4) -- The plagues and the sea (5:1-15:21) -- The wilderness and the mountain (15:22-24:18) -- The rebellion and the dwelling (25:40) -- Leviticus : and He called -- Macroview of Leviticus -- Sacrifice (1:7) -- Purity and worship (8:16) -- Holy living (17:27) -- Numbers : in the wilderness -- Macroview of Numbers -- The first generation at Sinai (1:1:10:10) -- Two generations in the wilderness (10:11-21:35) -- The second generation on the plains of Moab (22:36) -- Deuteronomy : these are the words -- Macroview of Deuteronomy -- The words (1:1-4:43) -- The ten words and the command (4:44-11:32) -- The rules and regulations (12:28) -- A view of the other side (29:34) -- Reintroducing the Torah. =630 00
_aBible.
_pPentateuch
_xCriticism, interpretation, etc.
526 _aSEG42
526 _aSEG41
526 _aSEG40
526 _aSEG39
526 _aP94
526 _aP87
526 _aP86
526 _aP85
526 _aP77
526 _aP76
526 _aP35
650 0 4 _aBiblia.
_pPentateutico
_xCriticismo, interpretación, etc.
910 _ajck
_bjvq
_cjck
_d20170120.
942 _2ddc
_cBOOK
949 _a222.1061 S29
_wDEWEY
_c1
_i75568
_lCATALOGING
_mBUL
_p26.50
_r0
_sY
_tBOOK
_u2017-01-20
_xTEOLOGIA
_zPOSGRADO TEOLOGÍA
_0COMPRA
_o.CIRCNOTE. El documento es de alto precio.
_o.STAFF. Colección Teología
596 _a1
999 _a222.1061 S29
_wLC
_c15057
_i75568
_d15057
_f2021-11-9
_g5
_lCCODEBUL1
_mBUL
_p26.50
_q3
_r0
_sY
_tBOOK
_u2017-1-20
_xTEOLOGIA
_PP85
_0COMPRA
_o.STAFF. Colección Teología
980 _81
_gALBERTO SANCHEZ Responsable de Automatización